| 000 | 00976nam a22002175a 4500 | ||
|---|---|---|---|
| 003 | OSt | ||
| 005 | 20161217143918.0 | ||
| 008 | 161217s2008 ua frb 000 0 ara d | ||
| 040 |
_aEG-ScBUE _bara _cEG-ScBUE |
||
| 082 | 0 | 4 |
_a341.448 _bم ح م _222 |
| 100 | 1 | _aمحمود، عبد القادر محمود محمد. | |
| 245 | 1 | 2 |
_aالنظام القانوني للمنطقة الدولية في ضوء اتفاقية الأمم المتحدة لقانون البحار لسنة 1982 م / _cعبد القادر محمود محمد محمود. |
| 260 |
_aالقاهرة : _bدار النهضة العربية، _c2008. |
||
| 300 |
_a604 ص. ؛ _c24 سم. |
||
| 504 | _aيشتمل على إرجاعات ببليوجرافية. | ||
| 630 | 7 |
_aاتفاقية الأمم المتحدة لقانون البحار _d(10 ديسمبر 1982) _2BUEsh |
|
| 650 | 7 |
_aالقانون الدولي البحري. _2BUEsh |
|
| 651 | _2BUEsh | ||
| 653 |
_bLLAAWW _cDecember2016 |
||
| 942 | _2ddc | ||
| 999 |
_c23605 _d23577 |
||